000 00506nam a2200193Ia 4500
003 GCL
008 140319s9999 xx 000 0 ara d
040 _aGCL /
_cGCL
082 0 4 _aط
_b371.9044
_bس م
100 1 _aسفير
245 1 0 _aالزكاة /
_cسفير
260 _a[S.N] :
_bسفير ،
_c1987
300 _a14
490 _aالمسلم الصغير فى عالم التلوين
_v0
650 0 4 _aالاطفال
650 0 4 _aالرسم
650 0 4 _aالتلوين
942 _2ddc
_cBK
999 _c58023
_d58023